000 00758cam a22002653a 4500
001 13396
003 PGUSA
005 20140828083304.0
008 040908s2004||||xxu|||||s|||||000 1 eng d
040 _aPGUSA
_beng
042 _adc
050 4 _aPS
100 1 _aVan Schaick, George,
_d1861-1924
245 1 0 _aSweetapple Cove
_h[electronic resource] /
_cGeorge Van Schaick
260 _bProject Gutenberg,
_c2004
506 _aPublic domain in the USA.
516 _aElectronic text
653 _aNewfoundland and Labrador -- Fiction
653 _aLove stories
653 _aFishing villages -- Fiction
653 _aPhysicians -- Fiction
830 0 _aProject Gutenberg
_v13396
856 4 0 _uhttp://www.gutenberg.org/ebooks/13396
942 _cEB
999 _c242651
_d242651